<?xml version="1.0" encoding="UTF-8"?>
<collection xmlns="http://www.loc.gov/MARC21/slim">
 <record>
  <leader>     na                 </leader>
  <controlfield tag="001">INLIS000000000000450</controlfield>
  <controlfield tag="035">$a 0010-0221000082</controlfield>
  <controlfield tag="245">$a KKPK: TENTERAM DENGAN SHALAT / $c NAFILA RADYANA SYAMMA</controlfield>
  <controlfield tag="100">$a NAFILA RADYANA SYAMMA</controlfield>
  <controlfield tag="260">$b MUFFIN GRAPHICS (PT CERITA ANAK BANGSA) $c 2018 </controlfield>
  <controlfield tag="084">$a 813 NAF K</controlfield>
  <controlfield tag="650">$a Fiksi</controlfield>
  <controlfield tag="990">$a 4851/2018</controlfield>
  <controlfield tag="990">$a 4852/2018</controlfield>
 </record>
</collection>
